000 01138nam a22003257a 4500
003 CHAP
005 20220329143047.0
008 051122d2004 mx r 00110 spa d
010 _a91361
011 _a92333
035 _a102897
040 _cCHAP
090 _aTesis
100 0 0 _aSilva Baños, Librado.
_9105976
245 1 0 _aEstilos de aprendizaje de los alumnos de la coordinación de zootecnia del CEP-CSAEGRO
_c/por Librado Silva Baños
260 _aCocula, Gro. :
_bEl autor,
_c2004.
300 _a88 h.
502 _aTesis (Ing. Agr. Zootecnista) -- Colegio Superior Agropecuario del Estado de Guerrero. Centro de Estudios Profesionales
590 _aALEPH
_b10
_c20130110
_lUCH01
_h1507
590 _aBATCH-UPD
_b10
_c20130110
_lUCH01
_h0646
590 _aBATCH-UPD
_b10
_c20130410
_lUCH01
_h0330
590 _aBATCH-UPD
_b10
_c20130914
_lUCH01
_h2024
590 _aCONVERSION
_b10
_c20130109
_lUCH01
_h1351
650 1 4 _aAprendizaje.
_96370
650 1 4 _aAprendizaje
_xPsicologia del.
_96372
901 _aBK
905 _aAlejandra Carrasco M.
942 _cTESIS
949 _aTesis
_bBC
_cTES
_d1028971
_eTS1
_h44108
_i102897
_sb
999 _c91361
_d91361